[Event "Ä11Â"]
[Site "Loo"]
[Date "2017.04.23"]
[Round "4.23"]
[White "Ñìàëåâà, Âåðîíèêà."]
[Black "Êèëüäèøîâà, Àëèíà."]
[Result "0-1"]
[WhiteElo "1149"]
[BlackElo "1361"]
[PlyCount "140"]
[EventDate "2017.04.20"]

1. e4 c5 2. Nf3 Nc6 3. d4 cxd4 4. Nxd4 g6 5. Nc3 Bg7 6. Be3 Nf6 7. Nxc6 bxc6 8.
e5 Ng8 9. Bd4 f6 10. f4 Qa5 11. Qd2 fxe5 12. fxe5 Bxe5 13. Qg5 d6 14. Bxe5
Qxe5+ 15. Qxe5 dxe5 16. O-O-O Nh6 17. Re1 Nf7 18. Bc4 e6 19. Na4 O-O 20. Nc5
Re8 21. Nd3 Nd6 22. Bb3 e4 23. Nc5 Nf5 24. Nxe4 Kh8 25. Nc5 e5 26. Re4 Nd6 27.
Ree1 Nb7 28. Na4 Na5 29. Nc5 Nxb3+ 30. Nxb3 Bf5 31. Re3 Re7 32. Na5 Re6 33.
Rhe1 Rae8 34. Rc3 Rc8 35. h3 h5 36. Rc4 g5 37. Nb3 h4 38. Rc5 Rce8 39. Na5 Bg6
40. Rxc6 Rxc6 41. Nxc6 Rc8 42. Nxe5 Rxc2+ 43. Kd1 Bf5 44. Re2 Rxe2 45. Kxe2 Kg7
46. Nc6 Be4 47. Nxa7 Bxg2 48. b4 Bxh3 49. Kf2 Kf6 50. b5 Ke6 51. a4 Kd6 52. b6
Bd7 53. Nb5+ Bxb5 54. axb5 Kd7 55. Kf3 Kc8 56. Kg4 Kb7 57. Kh3 Kxb6 58. Kg4
Kxb5 59. Kh3 Kc4 60. Kg4 Kd4 61. Kh3 Ke3 62. Kg4 Kf2 63. Kh3 Kf3 64. Kh2 g4 65.
Kg1 Kg3 66. Kh1 Kf2 67. Kh2 g3+ 68. Kh1 g2+ 69. Kh2 g1=Q+ 70. Kh3 Qg3# 0-1

[Event "Ä13Ï"]
[Site "Loo"]
[Date "2017.04.23"]
[Round "4.1"]
[White "Æóðîâà, Àííà."]
[Black "Äåäóøèíñêàÿ, Àííà."]
[Result "1-0"]
[WhiteElo "1843"]
[BlackElo "1482"]
[PlyCount "65"]
[EventDate "2017.04.20"]

1. e4 e6 2. d4 d5 3. Nc3 dxe4 4. Nxe4 Bd7 5. c3 Bc6 6. Ng3 Nf6 7. Nf3 b6 8. Bd3
g6 9. O-O Bg7 10. Ne5 Bb7 11. Bb5+ c6 12. Be2 Nbd7 13. Nc4 Qc7 14. Bf3 O-O 15.
Re1 c5 16. Bxb7 Qxb7 17. dxc5 Nxc5 18. Be3 Rfd8 19. Qe2 Rac8 20. Rad1 Nd5 21.
Bd4 Nf4 22. Qf1 Nfd3 23. Rxd3 Nxd3 24. Qxd3 Qa6 25. b3 Qxa2 26. Qf3 Qxb3 27.
Bxg7 Kxg7 28. Ne5 f6 29. Qb7+ Kg8 30. Qf7+ Kh8 31. Qxf6+ Kg8 32. Nf7 Rd1 33.
Nh6# 1-0

[Event "Ä13Ï"]
[Site "Loo"]
[Date "2017.04.23"]
[Round "4.2"]
[White "Ñèò÷èõèíà, Ìèëàíà."]
[Black "Õàéáóëëèíà, Ðàóøàíà."]
[Result "0-1"]
[WhiteElo "1592"]
[BlackElo "1750"]
[PlyCount "54"]
[EventDate "2017.04.20"]

1. e4 c5 2. Nf3 e6 3. d4 cxd4 4. Nxd4 Nc6 5. c4 Nf6 6. Nc3 Bb4 7. f3 O-O 8. Be3
d5 9. Bd3 Nxd4 10. Bxd4 dxe4 11. Bxe4 Nxe4 12. fxe4 Qh4+ 13. Bf2 Qxe4+ 14. Qe2
Qxe2+ 15. Kxe2 b6 16. Nb5 Bb7 17. Rhg1 Rac8 18. b3 a6 19. Na7 Rcd8 20. Bxb6 Rd7
21. Ke3 f5 22. g3 e5 23. Rgf1 f4+ 24. gxf4 exf4+ 25. Rxf4 Re8+ 26. Re4 Rxe4+
27. Kf3 Re1+ 0-1

[Event "Ä13Ï"]
[Site "Loo"]
[Date "2017.04.23"]
[Round "4.3"]
[White "Ä¸ìèíîâà, Ìàðèÿ."]
[Black "Î÷èðîâà, Àíèòà."]
[Result "1-0"]
[WhiteElo "1526"]
[BlackElo "1635"]
[PlyCount "117"]
[EventDate "2017.04.20"]

1. e4 Nc6 2. Nf3 d5 3. exd5 Qxd5 4. Nc3 Qa5 5. d4 Bg4 6. Bb5 O-O-O 7. Bxc6 bxc6
8. Be3 Nf6 9. h3 Bh5 10. g4 Bg6 11. Ne5 Qa6 12. Qf3 Rd6 13. g5 Bh5 14. Qf5+ e6
15. Qd3 Qxd3 16. cxd3 Nd5 17. Ne4 Nxe3 18. fxe3 Rd5 19. Nxc6 Bf3 20. Rg1 Rf5
21. a3 h6 22. Ne5 Bxe4 23. dxe4 Rxg5 24. Ke2 Rh5 25. Nxf7 Rg8 26. Rg3 g5 27.
Kf3 Rg7 28. Ne5 Bd6 29. Rd1 Rg8 30. Kg2 Bxe5 31. dxe5 g4 32. Rxg4 Rxg4+ 33.
hxg4 Rxe5 34. Kf3 Rg5 35. Rh1 Rg6 36. Rh5 Rf6+ 37. Kg3 Kb7 38. b4 Kb6 39. Rc5
c6 40. Re5 a6 41. Kh4 Kc7 42. g5 hxg5+ 43. Kxg5 Rf3 44. Rxe6 Rxe3 45. e5 Kd7
46. Rd6+ Kc7 47. Kf6 Rh3 48. Ke7 Rh7+ 49. Ke8 Rh8+ 50. Kf7 Rh7+ 51. Kg6 Re7 52.
Kf6 Rh7 53. Rd3 Rh6+ 54. Kg5 Re6 55. Kf5 Re8 56. e6 Re7 57. Kf6 Re8 58. e7 Rh8
59. Kg7 1-0

[Event "Ä13Ï"]
[Site "Loo"]
[Date "2017.04.23"]
[Round "4.4"]
[White "Êàëóñòîâà, Ìàðèíà."]
[Black "Âîëêîâà, Àëèíà."]
[Result "0-1"]
[WhiteElo "1242"]
[BlackElo "1583"]
[PlyCount "94"]
[EventDate "2017.04.20"]

1. e4 e6 2. d3 d5 3. Nd2 Nf6 4. g3 Nc6 5. Bg2 Bc5 6. h3 a5 7. Ngf3 dxe4 8. dxe4
e5 9. O-O O-O 10. a3 b6 11. Re1 Ba6 12. Nh2 Qe7 13. Qf3 Nd4 14. Qd1 Rfd8 15.
Nhf3 Bb7 16. Nxd4 Bxd4 17. Qf3 Bc5 18. Qb3 Rd7 19. Nc4 Ba6 20. Ne3 g6 21. Nd5
Nxd5 22. exd5 Qf6 23. Be3 Bxe3 24. Qxe3 e4 25. b3 Rxd5 26. Qxe4 c6 27. Qe7 Rd6
28. Qxf6 Rxf6 29. Re7 Rd8 30. Rae1 Rd2 31. Re8+ Kg7 32. Ra8 Bb5 33. a4 Rfxf2
34. Bh1 Rfe2 35. Rc1 Bxa4 36. bxa4 Rxc2 37. Rxc2 Rxc2 38. Bxc6 Rxc6 39. Ra6 Kf6
40. Kf2 Ke5 41. Ke3 Kd5 42. Ra7 Rf6 43. h4 h5 44. Ke2 Kc4 45. Ke3 Kb4 46. Ke4
Kxa4 47. Rb7 b5 0-1

[Event "Ä13Ï"]
[Site "Loo"]
[Date "2017.04.23"]
[Round "4.5"]
[White "Ñèäîðîâà, Àëåíà."]
[Black "Îéäóï, Àðñåíèÿ."]
[Result "1-0"]
[WhiteElo "1506"]
[BlackElo "1401"]
[PlyCount "60"]
[EventDate "2017.04.20"]

1. d4 Nf6 2. c4 g6 3. Nc3 Bg7 4. e4 d6 5. f3 O-O 6. Be3 Nbd7 7. Qd2 Re8 8. g4
e5 9. Nge2 exd4 10. Nxd4 c5 11. Ndb5 Ne5 12. Be2 Be6 13. Nxd6 Re7 14. Bxc5 Rd7
15. Qg5 Nc6 16. Rd1 Bf8 17. Nxb7 Qc7 18. Bxf8 Rxd1+ 19. Bxd1 Qxb7 20. Qxf6 Rxf8
21. Nd5 Bxd5 22. cxd5 Nb4 23. Bb3 Rc8 24. Kd2 Qb5 25. Qd4 a5 26. a3 Na6 27. Ba4
Qb7 28. Rc1 Rd8 29. Qf6 Rb8 30. Rc2 Qc6 {äàëåå çàïèñü íåðàçáîð~~èâà} 1-0

[Event "Ä13Ï"]
[Site "Loo"]
[Date "2017.04.23"]
[Round "4.6"]
[White "Àëèìîâà, Äàíà."]
[Black "Ëîáàíîâà, Ìèëàíà."]
[Result "1-0"]
[WhiteElo "1388"]
[BlackElo "1454"]
[PlyCount "95"]
[EventDate "2017.04.20"]

1. e4 c5 2. Nf3 d6 3. d4 cxd4 4. Nxd4 Nf6 5. Nc3 a6 6. f4 e6 7. Qf3 Be7 8. Be3
Nc6 9. O-O-O Bd7 10. g4 e5 11. Nf5 Bxf5 12. gxf5 Qa5 13. Rg1 Bf8 14. Kb1 O-O-O
15. Qf2 Nd7 16. Bc4 exf4 17. Bxf4 Nce5 18. Bxe5 Nxe5 19. Bd5 Qc5 20. Bxb7+ Kc7
21. Qxc5+ dxc5 22. Rxd8 Kxd8 23. Bxa6 Nf3 24. Rg2 f6 25. a4 Ne5 26. Bb5 g6 27.
Nd5 Be7 28. Rd2 Bd6 29. Nxf6 Ke7 30. Nd5+ Kd8 31. h3 gxf5 32. exf5 Nf3 33. Rg2
Be5 34. Rf2 Ng5 35. Re2 Nf7 36. a5 Kc8 37. a6 Kb8 38. Ne7 Ka8 39. Nc6 Bf6 40.
Re6 Bh4 41. f6 Bxf6 42. Rxf6 Nd8 43. Nxd8 Rxd8 44. Rf7 Rc8 45. Be2 Rg8 46. Bf3+
Kb8 47. a7+ Kc8 48. a8=R# 1-0

[Event "Ä13Ï"]
[Site "Loo"]
[Date "2017.04.23"]
[Round "4.7"]
[White "Òîëñòûõ, Àðèíà."]
[Black "Ìíåÿí, Ðèïñèìå."]
[Result "1-0"]
[WhiteElo "1439"]
[BlackElo "1345"]
[PlyCount "59"]
[EventDate "2017.04.20"]

1. d4 Nf6 2. Nf3 g6 3. e3 d5 4. c4 c6 5. Nc3 e6 6. cxd5 exd5 7. Bd3 Bg7 8. O-O
O-O 9. b4 b5 10. a4 bxa4 11. Qxa4 Qb6 12. Ba3 Re8 13. Rfc1 Bd7 14. Ne5 a5 15.
bxa5 Rxa5 16. Bc5 Rxa4 17. Bxb6 Rxa1 18. Rxa1 Be6 19. Bc7 c5 20. dxc5 Ng4 21.
Nxg4 Bxg4 22. Rc1 Rc8 23. Nxd5 Kh8 24. c6 Be6 25. Bxb8 Bxd5 26. c7 Bb7 27. Rb1
Bc6 28. Ba6 Re8 29. c8=Q Rxc8 30. Bxc8 1-0

[Event "Ä13Ï"]
[Site "Loo"]
[Date "2017.04.23"]
[Round "4.8"]
[White "Øïàêèâñêàÿ, Àëèíà."]
[Black "Òèìîôååâà, Þëèÿ."]
[Result "0-1"]
[WhiteElo "1657"]
[BlackElo "1427"]
[PlyCount "88"]
[EventDate "2017.04.20"]

1. Nf3 Nf6 2. g3 d5 3. Bg2 Bf5 4. d3 e6 5. O-O Nc6 6. Nbd2 Bc5 7. a3 O-O 8. b4
Be7 9. Bb2 Nd7 10. Nb3 Bf6 11. Bxf6 Nxf6 12. Qc1 h6 13. c4 dxc4 14. dxc4 Qe7
15. Nc5 Rab8 16. Qb2 Ne4 17. Nb3 Nd6 18. c5 Ne4 19. Nh4 Bh7 20. b5 Nd8 21. Qd4
e5 22. Qe3 Nf6 23. Nf3 Re8 24. Nfd2 Nd7 25. a4 Bf5 26. Rac1 Nf8 27. Rfd1 f6 28.
c6 b6 29. Bd5+ Be6 30. Nc4 Nf7 31. Qc3 Rbd8 32. Bxe6 Qxe6 33. a5 Nd6 34. Nxd6
Rxd6 35. axb6 axb6 36. Rxd6 Qxd6 37. Nd2 Rd8 38. Nc4 Qc5 39. Qb2 Qe7 40. Ne3
Ne6 41. Qa2 Qf7 42. Qb2 Nd4 43. Rd1 Ra8 44. Kf1 Ra5 0-1

[Event "Ä13Ï"]
[Site "Loo"]
[Date "2017.04.23"]
[Round "4.9"]
[White "Ãàåð, Ìàðãàðèòà."]
[Black "Ìèõàéëèíà, Åëåíà."]
[Result "0-1"]
[WhiteElo "1421"]
[BlackElo "1641"]
[PlyCount "104"]
[EventDate "2017.04.20"]

1. e4 c5 2. d4 cxd4 3. c3 dxc3 4. Nxc3 Nc6 5. Nf3 d6 6. Bc4 Nf6 7. e5 dxe5 8.
Qxd8+ Nxd8 9. Nb5 Rb8 10. Nxe5 e6 11. Nc7+ Ke7 12. Nd3 Bd7 13. b3 Nc6 14. Bf4
Rc8 15. Nb5 Ne8 16. Nc5 a6 17. Nc3 Na5 18. Nxd7 Kxd7 19. Na4 Nxc4 20. bxc4 Ke7
21. c5 Kf6 22. Rc1 Kf5 23. Be3 Nf6 24. f3 Nd5 25. Bd2 Be7 26. O-O Rhd8 27. g4+
Kg6 28. Kg2 Rd7 29. Rc2 Rdc7 30. Rfc1 b5 31. Nb2 Rxc5 32. Rxc5 Rxc5 33. Rxc5
Bxc5 34. Nd3 Be3 35. Bxe3 Nxe3+ 36. Kg3 Nd5 37. a3 Kf6 38. f4 Ke7 39. Kf3 Kd6
40. Ke4 Nf6+ 41. Kf3 Nd7 42. Ke3 Nc5 43. Nb4 a5 44. Nc2 Kd5 45. h3 Kc4 46. Kd2
Ne4+ 47. Ke3 Nc3 48. Kd2 Nd5 49. f5 exf5 50. gxf5 f6 51. h4 Ne7 52. Ne3+ Kb3
0-1

[Event "Ä13Ï"]
[Site "Loo"]
[Date "2017.04.23"]
[Round "4.10"]
[White "Òóëàåâà, Ìàðèÿ."]
[Black "Òàðèåëàøâèëè, Äèàíà."]
[Result "0-1"]
[WhiteElo "1418"]
[BlackElo "1608"]
[PlyCount "96"]
[EventDate "2017.04.20"]

1. e4 e6 2. d3 d5 3. Nd2 Nf6 4. Ngf3 c5 5. g3 Nc6 6. Bg2 Be7 7. O-O b6 8. Re1
Qc7 9. Qe2 Bb7 10. c3 O-O 11. e5 Nd7 12. d4 Rfe8 13. Nf1 cxd4 14. cxd4 f6 15.
Bf4 fxe5 16. dxe5 Nc5 17. Rac1 Ba6 18. Qc2 Nb4 19. Qd2 Nbd3 20. b4 Nxe1 21.
Nxe1 Rac8 22. bxc5 bxc5 23. Bh3 Bf8 24. Ne3 Bb7 25. Qc2 Qe7 26. N3g2 g5 27. Bd2
Qg7 28. Qb2 Bc6 29. Ne3 h5 30. Bf1 Rb8 31. Qa1 d4 32. Nc4 Bd5 33. f4 gxf4 34.
Bxf4 Be7 35. Nd3 Bxc4 36. Rxc4 Rec8 37. Qd1 Qg6 38. Be2 h4 39. Qc1 hxg3 40.
Bxg3 Bg5 41. Qc2 Rf8 42. Nxc5 Be3+ 43. Kg2 Rf2+ 44. Kh3 Qh6+ 45. Bh4 Bf4 46.
Nd3 Rxh2+ 47. Kg4 Qxh4+ 48. Kf3 Qg3+ 0-1

[Event "Ä13Ï"]
[Site "Loo"]
[Date "2017.04.23"]
[Round "4.11"]
[White "Ñìàëåâà, Ñòàíèñëàâà."]
[Black "Âèòþãîâà, ßðîñëàâà."]
[Result "0-1"]
[WhiteElo "1397"]
[BlackElo "1509"]
[PlyCount "100"]
[EventDate "2017.04.20"]

1. e4 e6 2. d4 d5 3. Nd2 dxe4 4. Nxe4 Nf6 5. Ng3 b6 6. Nf3 Bb7 7. c3 Bd6 8. Bc4
Nbd7 9. O-O O-O 10. Qd3 c5 11. Rd1 Qc7 12. Ba6 Bxa6 13. Qxa6 c4 14. Qa4 a6 15.
Qc2 Qc6 16. Re1 Bxg3 17. hxg3 b5 18. a4 Qb7 19. axb5 axb5 20. Bf4 Ra6 21. Ne5
Rfa8 22. Rxa6 Rxa6 23. Qd2 Qa8 24. Rb1 Ra2 25. Nxd7 Nxd7 26. Qc1 Qa6 27. b3
cxb3 28. Rxb3 Ra1 29. Rb1 Rxb1 30. Qxb1 Nb6 31. Bd6 Nd5 32. Bb4 Nxb4 33. Qxb4
Qa4 34. Qb2 Kf8 35. Qb1 g6 36. Qb2 Ke7 37. Qd2 Kf8 38. Qh6+ Kg8 39. Qc1 Qc4 40.
Qc2 b4 41. f3 Qxc3 42. Qd1 b3 43. Kf1 b2 44. Ke2 Qc1 45. Qxc1 bxc1=Q 46. Kd3
Qf1+ 47. Ke3 Qxg2 48. g4 h5 49. gxh5 gxh5 50. Ke4 h4 0-1

[Event "Ä13Ï"]
[Site "Loo"]
[Date "2017.04.23"]
[Round "4.12"]
[White "Àôîíàñüåâà, Âàëåðèÿ."]
[Black "Õîþð-Îîë, Àðûÿíà."]
[Result "1-0"]
[WhiteElo "1498"]
[BlackElo "1391"]
[PlyCount "47"]
[EventDate "2017.04.20"]

1. d4 d5 2. Nf3 Nf6 3. e3 Bg4 4. Be2 e6 5. Nbd2 Bd6 6. O-O Nbd7 7. Bd3 c5 8. c3
Qc7 9. Qe1 O-O 10. h3 Bh5 11. e4 dxe4 12. Nxe4 Bxf3 13. gxf3 Nxe4 14. Qxe4 Nf6
15. Qh4 h6 16. Bxh6 Qe7 17. Bxg7 Kxg7 18. Qg5+ Kh8 19. Qh6+ Kg8 20. Kh1 Bh2 21.
Kxh2 Ng4+ 22. hxg4 f6 23. dxc5 Kf7 24. Qg6# 1-0

[Event "Ä13Ï"]
[Site "Loo"]
[Date "2017.04.23"]
[Round "4.13"]
[White "Ëóêüÿí÷åíêî, Àëèñà."]
[Black "Áàäìàåâà, Ýëüçÿòà."]
[Result "0-1"]
[WhiteElo "1463"]
[BlackElo "1369"]
[PlyCount "102"]
[EventDate "2017.04.20"]

1. e4 c5 2. Nf3 d6 3. d4 cxd4 4. Nxd4 Nf6 5. Nc3 g6 6. Be3 Bg7 7. f3 O-O 8. g4
Nc6 9. Qd2 d5 10. g5 Nh5 11. exd5 Nb4 12. Bc4 Qc7 13. Bb3 Na6 14. Ne4 b6 15.
Qc3 Nc5 16. O-O-O Nf4 17. Bxf4 Qxf4+ 18. Qd2 Nxb3+ 19. axb3 Qc7 20. Ne2 Ba6 21.
N2c3 Rac8 22. Rhe1 Rfd8 23. Re3 b5 24. Ne2 b4 25. c3 bxc3 26. bxc3 Bxe2 27.
Qxe2 Qa5 28. Qd3 f5 29. gxf6 exf6 30. Nf2 f5 31. c4 Qa3+ 32. Kd2 Bh6 33. Rde1
Bxe3+ 34. Rxe3 Re8 35. Rxe8+ Rxe8 36. Nd1 Qa2+ 37. Qc2 Re2+ 38. Kxe2 Qxc2+ 39.
Ke1 Qxb3 40. Nf2 Qxc4 41. Kd2 Qxd5+ 42. Ke3 a5 43. f4 a4 44. h4 a3 45. h5 a2
46. hxg6 a1=Q 47. gxh7+ Kxh7 48. Nd3 Qad4+ 49. Ke2 Qxd3+ 50. Ke1 Qd2+ 51. Kf1
Qh1# 0-1

[Event "Ä13Ï"]
[Site "Loo"]
[Date "2017.04.23"]
[Round "4.14"]
[White "Íàçàðîâà, Àíàñòàñèÿ."]
[Black "Êîâòóí, Òàòüÿíà."]
[Result "1-0"]
[WhiteElo "1344"]
[BlackElo "1459"]
[PlyCount "89"]
[EventDate "2017.04.20"]

1. e4 e6 2. d4 d5 3. Nc3 Bb4 4. e5 c5 5. a3 Bxc3+ 6. bxc3 Ne7 7. Qg4 Qc7 8.
Qxg7 Rg8 9. Qxh7 Nbc6 10. Nf3 cxd4 11. cxd4 Nxd4 12. Ra2 Nxf3+ 13. gxf3 Qc3+
14. Bd2 Qxe5+ 15. Be2 Bd7 16. Qd3 Rc8 17. f4 Qg7 18. Qb3 Bc6 19. Bb5 Qg2 20.
Bxc6+ Rxc6 21. Rf1 Rb6 22. Qa4+ Nc6 23. Ra1 Ra6 24. Qb5 Qe4+ 25. Be3 Rb6 26.
Qd3 Qxd3 27. cxd3 Ra6 28. Ke2 Rh8 29. Rh1 Ne7 30. Bd4 Rh7 31. Be5 Nc6 32. f3
Nxe5 33. fxe5 Rb6 34. Ra2 Rh5 35. d4 Ra6 36. a4 Rb6 37. h4 Rb4 38. Ke3 Rb3+ 39.
Ke2 Rf5 40. Rh3 Rf4 41. h5 Kf8 42. h6 Kg8 43. h7+ Kh8 44. Rc2 Re4+ 45. Kf2 1-0

[Event "Ä13Ï"]
[Site "Loo"]
[Date "2017.04.23"]
[Round "4.15"]
[White "Ìàòòåó, Ñîôèÿ."]
[Black "Òóêòèíà, Äàðüÿ."]
[Result "1/2-1/2"]
[WhiteElo "1346"]
[BlackElo "1454"]
[PlyCount "87"]
[EventDate "2017.04.20"]

1. e4 e5 2. Nf3 Nc6 3. Nc3 Nf6 4. Bb5 a6 5. Bxc6 dxc6 6. O-O Bd6 7. d4 Qe7 8.
dxe5 Bxe5 9. Nxe5 Qxe5 10. Qd3 O-O 11. h3 Be6 12. Qf3 h6 13. Bf4 Qc5 14. Bxc7
Qg5 15. Bf4 Qg6 16. Qg3 Qh5 17. e5 Nd7 18. Ne4 Kh8 19. h4 Rg8 20. Rfe1 Nf8 21.
Nc5 Bc8 22. e6 Nxe6 23. Nxe6 Bxe6 24. Re5 Bf5 25. Qh3 Bxh3 26. Rxh5 Be6 27. Re5
Rad8 28. Re2 Rge8 29. Rae1 Bd7 30. Re7 Rxe7 31. Rxe7 Kg8 32. Kf1 Bc8 33. Bc7
Rf8 34. Ke2 f6 35. Ke3 Rf7 36. Re8+ Rf8 37. Rxf8+ Kxf8 38. Kd4 Ke7 39. Kc5 g6
40. Kb6 h5 41. Bf4 Kd7 42. c4 Kd8 43. b4 Kd7 44. a4 1/2-1/2

[Event "Ä13Ï"]
[Site "Loo"]
[Date "2017.04.23"]
[Round "4.16"]
[White "Ãóáàðåâà, Ñîôèÿ."]
[Black "Êóëìàãàìáåòîâà, Àéøà."]
[Result "1-0"]
[WhiteElo "1574"]
[BlackElo "1289"]
[PlyCount "93"]
[EventDate "2017.04.20"]

1. d4 d5 2. c4 e6 3. Nf3 Nf6 4. e3 Be7 5. Nc3 Nbd7 6. Bd3 O-O 7. O-O Re8 8. b3
Nf8 9. Bb2 c5 10. Rc1 b6 11. Qe2 Bb7 12. Rfd1 Qc7 13. Nb5 Qb8 14. dxc5 a6 15.
Be5 Qc8 16. Nc7 N8d7 17. Nxe8 Qxe8 18. Bxf6 Bxf6 19. cxd5 Nxc5 20. dxe6 Qxe6
21. Bc4 Qe7 22. Bd5 Bxd5 23. Rxd5 Ne4 24. Qc2 h6 25. Qc6 Rb8 26. Qc7 Qe8 27.
Qd7 Qf8 28. Qg4 Qe8 29. Rd3 Nc5 30. Rdd1 Ne4 31. Nd4 Nc5 32. Qf3 a5 33. Nf5 Bb2
34. Rc4 Be5 35. Nd6 Qe6 36. Ne4 Nd7 37. Ng3 Nc5 38. Qf5 Qe7 39. Ne4 Nxe4 40.
Rxe4 f6 41. f4 Qc5 42. fxe5 Qc2 43. Ra1 Qb2 44. Qf1 fxe5 45. Qc1 Qe2 46. Qc4+
Qxc4 47. Rxc4 1-0

[Event "Ä13Ï"]
[Site "Loo"]
[Date "2017.04.23"]
[Round "4.17"]
[White "Áàðàíîâà, Åëèçàâåòà."]
[Black "Êîñà÷åâà, Êðèñòèíà."]
[Result "1-0"]
[WhiteElo "1632"]
[BlackElo "1364"]
[PlyCount "131"]
[EventDate "2017.04.20"]

1. e4 c6 2. d4 d5 3. Nc3 dxe4 4. Nxe4 Bf5 5. Ng3 Bg6 6. h4 h6 7. N1e2 Nd7 8.
Nf4 Bh7 9. Bc4 e6 10. Qe2 Qe7 11. c3 Ngf6 12. h5 Nb6 13. Bd3 Bxd3 14. Qxd3 Qc7
15. O-O Bd6 16. Qf3 O-O 17. Nfe2 Nbd7 18. Be3 Rac8 19. Ne4 Nxe4 20. Qxe4 Nf6
21. Qf3 Nd5 22. Bd2 c5 23. Qe4 cxd4 24. Nxd4 Bc5 25. Rac1 Qb6 26. Nb3 Be7 27.
c4 Nf6 28. Qf3 Rfd8 29. Ba5 Qa6 30. Bxd8 Bxd8 31. Qc3 Nxh5 32. Rfd1 Qc6 33. Qe3
Bg5 34. Qf3 Qxf3 35. gxf3 Bxc1 36. Rxc1 Nf4 37. Rc2 Ng6 38. c5 Ne5 39. Rc3 Nd7
40. f4 Nf6 41. Rc4 Nd7 42. Kf1 Rc6 43. Rb4 Rc7 44. Ke2 Nf6 45. Kd3 Nd5 46. Rc4
Kf8 47. Kd4 Nxf4 48. Ke4 Nd5 49. Nd4 b6 50. b4 bxc5 51. bxc5 Nf6+ 52. Ke5 Ke7
53. Nb5 Nd7+ 54. Kd4 e5+ 55. Kd5 Rxc5+ 56. Rxc5 Nxc5 57. Kxc5 g5 58. Nxa7 h5
59. Nc6+ Ke6 60. a4 f6 61. a5 Kd7 62. Kb6 h4 63. a6 h3 64. a7 h2 65. a8=Q h1=Q
66. Nxe5+ 1-0

[Event "Ä13Ï"]
[Site "Loo"]
[Date "2017.04.23"]
[Round "4.18"]
[White "Ãóðîâà, Òàòüÿíà."]
[Black "Ëåáåäåâà, Óëüÿíà."]
[Result "1/2-1/2"]
[WhiteElo "1348"]
[BlackElo "1560"]
[PlyCount "99"]
[EventDate "2017.04.20"]

1. b4 a6 2. Bb2 d5 3. Nf3 Bg4 4. e3 e6 5. Be2 Nf6 6. a3 Be7 7. O-O Nbd7 8. d4
b5 9. Nbd2 Nb6 10. h3 Bh5 11. Rc1 O-O 12. Bd3 Nc4 13. Nxc4 bxc4 14. Be2 Ne4 15.
Qe1 Qe8 16. Rb1 Qa4 17. Rc1 c3 18. Bxc3 Qxa3 19. Bd2 Nxd2 20. Nxd2 Bxe2 21.
Qxe2 Qxb4 22. c4 c6 23. Nf3 Bf6 24. Rb1 Qe7 25. Rb6 Qc7 26. c5 a5 27. Ra1 Ra7
28. Qc2 Rfa8 29. Qa4 Ra6 30. Rab1 g6 31. Rb7 Qc8 32. Kh2 Kg7 33. Kg1 h5 34. h4
R6a7 35. R7b6 Ra6 36. Rb7 Kg8 37. Kh1 Kg7 38. Kg1 R8a7 39. Rb8 Qc7 40. R8b6 Qc8
41. Rb8 Qc7 42. R8b6 Ra8 43. Rb7 Qc8 44. Kh1 Kg8 45. Kg1 Kg7 46. Kh1 R8a7 47.
Rb8 Qc7 48. R8b6 Kf8 49. Kg1 Kg7 50. Kh1 1/2-1/2

[Event "Ä13Ï"]
[Site "Loo"]
[Date "2017.04.23"]
[Round "4.19"]
[White "Íîâîæèëîâà, Ïîëèíà."]
[Black "Çàðêîâà, Åëèçàâåòà."]
[Result "0-1"]
[WhiteElo "1559"]
[BlackElo "1290"]
[PlyCount "116"]
[EventDate "2017.04.20"]

1. e4 e5 2. f4 exf4 3. Bc4 g5 4. d4 h6 5. Nf3 Bg7 6. O-O d6 7. Nc3 Nc6 8. Ne2
Nge7 9. h3 Ng6 10. Kh2 O-O 11. g3 Qd7 12. Nfg1 fxg3+ 13. Nxg3 Nxd4 14. Qh5 Ne5
15. Bb3 Nxb3 16. axb3 Qe6 17. Nf5 Qf6 18. h4 Bxf5 19. Rxf5 Qg6 20. Qxg6 Nxg6
21. hxg5 hxg5 22. Rxg5 Rfe8 23. Rg4 a6 24. c3 Re6 25. Bd2 Rae8 26. Re1 Ne5 27.
Rg3 Rg6 28. Rxg6 Nxg6 29. Nf3 Ne5 30. Nxe5 Bxe5+ 31. Kh3 f6 32. Rh1 Kf7 33. Kg4
Ke6 34. Rh7 Re7 35. Rxe7+ Kxe7 36. Kf5 c6 37. Be3 d5 38. exd5 cxd5 39. Bc5+ Kd7
40. Be3 Kd6 41. Bh6 Kc6 42. Ke6 d4 43. Bd2 dxc3 44. bxc3 b6 45. c4 Kc5 46. Be3+
Bd4 47. Bd2 b5 48. cxb5 axb5 49. Be1 Be5 50. Bd2 Kd4 51. Kf5 Kd3 52. Ba5 Kc2
53. b4 Kb3 54. Ke4 Bd6 55. Kf5 Bxb4 56. Bd8 Bc3 57. Ke4 Kc2 58. Be7 b4 0-1

[Event "Ä13Ï"]
[Site "Loo"]
[Date "2017.04.23"]
[Round "4.20"]
[White "Àéðàïåòÿí, Àíæåëèêà."]
[Black "Äîí÷åíêî, Åêàòåðèíà."]
[Result "0-1"]
[WhiteElo "1362"]
[BlackElo "1534"]
[PlyCount "52"]
[EventDate "2017.04.20"]

1. e4 g6 2. d4 Bg7 3. Nc3 d6 4. Be3 a6 5. Qd2 Nd7 6. Nge2 b5 7. f3 Bb7 8. g3
Ngf6 9. O-O-O Rc8 10. Bg2 O-O 11. h4 h5 12. Bh3 Rb8 13. Rhg1 b4 14. Nb1 a5 15.
g4 a4 16. Nf4 e5 17. Ne2 Ba6 18. Ng3 exd4 19. Bxd4 c5 20. Bxf6 Qxf6 21. c3 bxc3
22. Nxc3 Qxf3 23. gxh5 Ne5 24. Kc2 Nc4 25. Qg5 Rxb2+ 26. Kc1 Qxc3# 0-1

[Event "Ä13Ï"]
[Site "Loo"]
[Date "2017.04.23"]
[Round "4.21"]
[White "Âåòîõèíà, Ñîôüÿ."]
[Black "Òóìàøåâè÷, Åëèçàâåòà."]
[Result "1/2-1/2"]
[WhiteElo "1333"]
[BlackElo "1506"]
[PlyCount "79"]
[EventDate "2017.04.20"]

1. e4 c5 2. Nf3 d6 3. d4 cxd4 4. Nxd4 Nf6 5. Nc3 g6 6. Be3 Bg7 7. f3 O-O 8. Qd2
Nc6 9. Bc4 Bd7 10. O-O-O Rc8 11. Bb3 Ne5 12. h4 h5 13. Bg5 Nc4 14. Bxc4 Rxc4
15. Nde2 Qa5 16. a3 b5 17. Nd5 Qxd2+ 18. Rxd2 Nxd5 19. Rxd5 f6 20. Be3 Rfc8 21.
c3 a6 22. Rd4 f5 23. Rxc4 Rxc4 24. exf5 Bxf5 25. Nd4 Bd7 26. Nc2 Kf7 27. Bg5
Bf6 28. Bxf6 Kxf6 29. Ne3 Rc5 30. Kd2 Ke5 31. Ke2 Kf4 32. Kf2 Ke5 33. Re1 Kf6
34. Rd1 Be6 35. Rd4 Ke5 36. Re4+ Kf6 37. Rd4 Ke5 38. Re4+ Kf6 39. Rd4 Ke5 40.
Re4+ 1/2-1/2

[Event "Ä13Ï"]
[Site "Loo"]
[Date "2017.04.23"]
[Round "4.22"]
[White "Êóðãàíîâà, Åëåíà."]
[Black "Âèåðó, ßíà."]
[Result "0-1"]
[WhiteElo "1453"]
[BlackElo "1350"]
[PlyCount "98"]
[EventDate "2017.04.20"]

1. d4 Nf6 2. c4 c5 3. Nf3 d6 4. g3 g6 5. Bg2 Bg7 6. O-O O-O 7. Nc3 Na6 8. a3
Nd7 9. dxc5 Naxc5 10. Qc2 a6 11. b4 Na4 12. Qxa4 Bxc3 13. Rb1 Nb6 14. Qc2 Bg7
15. Bb2 f6 16. Rfd1 Bd7 17. Qd3 Qc7 18. Rbc1 Rfd8 19. Qd4 Ba4 20. Rd2 e5 21.
Qc3 Rac8 22. c5 Qf7 23. Nxe5 fxe5 24. cxb6 Rxc3 25. Bd5 Rxc1+ 26. Bxc1 Qxd5 27.
Rxd5 Bc6 28. Rd1 d5 29. e3 d4 30. exd4 exd4 31. Bb2 Kf7 32. Kf1 Ke6 33. f4 Kd5
34. Rc1 Re8 35. Rc5+ Ke4 36. Rc1 Kf3 37. Rd1 Bb5+ 38. Kg1 Re6 39. a4 Bc4 40.
Rc1 Re3 41. b5 axb5 42. axb5 Bxb5 43. h3 Kxg3 44. Rd1 Bf6 45. Bc1 Re2 46. Bd2
Rg2+ 47. Kh1 Bc6 48. Be1+ Kxh3 49. Bd2 Rg4# 0-1

[Event "Ä13Ï"]
[Site "Loo"]
[Date "2017.04.23"]
[Round "4.23"]
[White "Ïåõîòî, Àëåêñàíäðà."]
[Black "Ãàíüæèíà, Ìàðèÿ."]
[Result "0-1"]
[WhiteElo "1101"]
[BlackElo "1408"]
[PlyCount "104"]
[EventDate "2017.04.20"]

1. e4 c5 2. Nf3 a6 3. c3 d5 4. exd5 Qxd5 5. d4 cxd4 6. Qxd4 Qxd4 7. Nxd4 e5 8.
Nf3 Nc6 9. Bc4 Bf5 10. Ng5 Bg6 11. Bd5 Nge7 12. Bb3 h6 13. Nf3 O-O-O 14. O-O
Bd3 15. Rd1 e4 16. Ne1 Ne5 17. Bf4 N7c6 18. Nd2 g5 19. Bxe5 Nxe5 20. Nc4 Bxc4
21. Rxd8+ Kxd8 22. Rd1+ Kc7 23. Bc2 f5 24. b3 Be2 25. Rd2 Bh5 26. Rd4 Bd6 27.
c4 Bf7 28. Rd2 Bb4 29. Rd1 Bxe1 30. Rxe1 Rd8 31. Rd1 Rxd1+ 32. Bxd1 Nd3 33. Bc2
Nb4 34. Bb1 Kc6 35. Kf1 b5 36. cxb5+ Kxb5 37. Ke2 a5 38. a4+ Kc5 39. f3 exf3+
40. Kxf3 f4 41. g3 fxg3 42. Kxg3 Bxb3 43. Kg4 Bd1+ 44. Kf5 Bc2+ 45. Bxc2 Nxc2
46. Kg6 Nd4 47. Kxh6 Nf3 48. h3 Kb4 49. Kh5 Ng1 50. Kxg5 Nxh3+ 51. Kg4 Kxa4 52.
Kf3 Kb3 0-1

[Event "Ä13Ï"]
[Site "Loo"]
[Date "2017.04.23"]
[Round "4.24"]
[White "Ïàõîìîâà, Òàòüÿíà."]
[Black "×àðêèíà, Ìàðèÿ."]
[Result "1-0"]
[WhiteElo "1394"]
[BlackElo "1151"]
[PlyCount "79"]
[EventDate "2017.04.20"]

1. d4 d5 2. c4 c6 3. cxd5 cxd5 4. Nc3 Nc6 5. Bf4 Bf5 6. e3 Nf6 7. Nf3 e6 8. Be2
Be7 9. O-O O-O 10. Rc1 a6 11. Na4 Rc8 12. a3 Ne4 13. b4 Na7 14. Nc5 Nxc5 15.
bxc5 Qa5 16. Qb3 Nc6 17. Qxb7 Qxa3 18. Ra1 Qb4 19. Bxa6 Qxb7 20. Bxb7 Rcd8 21.
Bxc6 Rc8 22. Bb7 Rcd8 23. Rfc1 f6 24. c6 e5 25. dxe5 fxe5 26. Bxe5 Bc8 27. c7
Rd7 28. Bc6 Ba3 29. Rxa3 Re7 30. Bd6 Ref7 31. Bxf8 Rxf8 32. Bxd5+ Kh8 33. Ra8
Re8 34. Be6 h6 35. Rxc8 Rxc8 36. Bxc8 Kh7 37. Bf5+ g6 38. c8=Q h5 39. Rc7+ Kh6
40. Qh8# 1-0

[Event "Ä13Ï"]
[Site "Loo"]
[Date "2017.04.23"]
[Round "4.25"]
[White "Çàáàâñêàÿ, Äàðèÿ."]
[Black "Êèñåëåâà, Àëèíà."]
[Result "1-0"]
[WhiteElo "1220"]
[BlackElo "1377"]
[PlyCount "67"]
[EventDate "2017.04.20"]

1. Nf3 d5 2. g3 c6 3. Bg2 Nf6 4. O-O Nbd7 5. d4 e6 6. Nbd2 Bd6 7. c4 O-O 8. b3
Re8 9. Bb2 b6 10. Ne5 Bb7 11. e4 Rc8 12. Rc1 Nf8 13. cxd5 cxd5 14. Re1 dxe4 15.
Nxe4 Nxe4 16. Bxe4 Bxe4 17. Rxe4 Bxe5 18. Rxc8 Qxc8 19. dxe5 Ng6 20. Rc4 Qb8
21. Qd6 Rd8 22. Qxb8 Rxb8 23. Rc7 Ra8 24. f4 Kf8 25. Ba3+ Ke8 26. Kf2 Nf8 27.
Re7+ Kd8 28. Rxf7 Nd7 29. Rxg7 Kc7 30. Rxh7 Kc6 31. Bd6 Nc5 32. h4 Kd5 33. h5
Rg8 34. Rxa7 1-0